[Event "PNWCC Online blitz JP 2nd"]
[Site "Chess.com INT"]
[Date "2020.03.21"]
[Round "10"]
[White "Tu, Lawrence"]
[Black "Zhu, Florina"]
[Result "0-1"]
[WhiteElo "1554"]
[BlackElo "1250"]
[PlyCount "144"]
[EventDate "2020.03.21"]
[EventType "swiss (blitz)"]
[EventRounds "11"]
[EventCountry "USA"]
[SourceTitle "CBM 195 Extra"]
[Source "ChessBase"]
[SourceDate "2020.05.31"]
[SourceVersion "1"]
[SourceVersionDate "2020.05.31"]
[SourceQuality "1"]

1. c4 Nf6 2. Nc3 g6 3. e4 Bg7 4. d4 d6 5. Nf3 0-0 6. h3 e5 7. d5 a5 8. Be2 Na6 9. Be3 b6 10. 0-0 Bb7 11. Qd2 c6 12. Nh2 cxd5 13. cxd5 Nc5 14. Bxc5 bxc5 15. f4 exf4 16. Qxf4 Qb6 17. Rab1 c4+ 18. Kh1 Ba6 19. Ng4 Nh5 20. Qf3 Be5 21. Nxe5 dxe5 22. b3 cxb3 23. Rxb3 Qc5 24. Bxa6 Rxa6 25. Rb5 Qd6 26. Rfb1 f5 27. Kh2 fxe4 28. Qxe4 Nf6 29. Qe3 e4+ 30. Kh1 Re8 31. Rb6 Rxb6 32. Rxb6 Nxd5 33. Rxd6 Nxe3 34. Rd4 Nc2 35. Rxe4 Rxe4 36. Nxe4 Kf7 37. Kg1 h6 38. Kf2 Ke6 39. Ke2 Kd5 40. Nc3+ Kc4 41. Kd2 Nb4 42. g4 g5 43. a3 Nd3 44. Ne4 Nf4 45. Nf2 Kb3 46. Ke3 Kxa3 47. Ke4 Kb2 48. Nd1+ Kc2 49. Ne3+ Kb3 50. Nf5 a4 51. Nxh6 a3 52. Nf5 a2 53. Nd4+ Kc3 54. Nb5+ Kb2 55. h4 a1Q 56. hxg5 Ng6 57. Kf5 Qb1+ 58. Kf6 Kb3 59. Nd4+ Kc4 60. Nf5 Qb6+ 61. Kg7 Kd5 62. Kh7 Ke5 63. Kh6 Nf4+ 64. Kg7 Qg6+ 65. Kf8 Ne6+ 66. Ke7 Qxg5+ 67. Kd7 Qxg4 68. Ne7 Qd4+ 69. Ke8 Qd8+ 70. Kf7 Qf8+ 71. Kg6 Qxe7 72. Kh5 Qg5# 0-1

[Event "PNWCC Online blitz JP 2nd"]
[Site "Chess.com INT"]
[Date "2020.03.21"]
[Round "7"]
[White "Zhu, Florina"]
[Black "Shapiro, Michael1111"]
[Result "0-1"]
[WhiteElo "1250"]
[BlackElo "1531"]
[PlyCount "64"]
[EventDate "2020.03.21"]
[EventType "swiss (blitz)"]
[EventRounds "11"]
[EventCountry "USA"]
[SourceTitle "CBM 195 Extra"]
[Source "ChessBase"]
[SourceDate "2020.05.31"]
[SourceVersion "1"]
[SourceVersionDate "2020.05.31"]
[SourceQuality "1"]

1. e4 e5 2. Nf3 Nc6 3. d4 exd4 4. Nxd4 d6 5. Nc3 Nf6 6. Bc4 Be7 7. Be3 0-0 8. 0-0 a6 9. a3 Bd7 10. h3 Ne5 11. Ba2 Nc6 12. Nxc6 Bxc6 13. f3 Nd7 14. Nd5 Nf6 15. Nxf6+ Bxf6 16. c3 Be7 17. Qc2 Kh8 18. Rad1 Bd7 19. Rd2 f5 20. Rfd1 fxe4 21. fxe4 Bg5 22. Bxg5 Qxg5 23. Kh2 Qf4+ 24. g3 Qg5 25. Bd5 Rab8 26. Rf2 Qe3 27. Rxf8+ Rxf8 28. Rd2 Rf1 29. Rg2 Qh6 30. g4 Qf4+ 31. Rg3 Rf2+ 32. Kg1 Qxg3+ 0-1